تعويض المتهم المتضرر بعد ثبوت براءته فى الفقه الاسلامى : دراسة مقارنة بالقانون الماليزى/
Saved in:
| Main Author: | |
|---|---|
| Other Authors: | |
| Format: | Thesis |
| Language: | Arabic |
| Published: |
Gombak, Selangor :
al-Jami'ah al-Islamiyah al-'Alamiyah bi-Maliziya,
2004.
|
| Subjects: | |
| Online Access: | http://studentrepo.iium.edu.my/handle/123456789/8895 |
| Tags: |
Add Tag
No Tags, Be the first to tag this record!
|
| LEADER | 025740000a22004690004500 | ||
|---|---|---|---|
| 001 | 303471 | ||
| 005 | 20230420133653.0 | ||
| 008 | 031029s2004 my g 0 0 0 ara d | ||
| 035 | |a (Sirsi) 303471 | ||
| 040 | |a UIAM |b eng | ||
| 041 | 0 | |a ara | |
| 043 | |a a-my--- | ||
| 050 | 0 | 0 | |a BP158.4.H8 |
| 100 | 0 | |a أحمد بن محمد حسنى |9 35113 | |
| 242 | 1 | 0 | |a Ta'wid al-muttaham al-mutadarrar ba'da thubut bara'atihi fi al-fiqh al-Islami : dirasah muqaranah bil-qanun al-Malizi |
| 245 | 1 | 0 | |a تعويض المتهم المتضرر بعد ثبوت براءته فى الفقه الاسلامى : دراسة مقارنة بالقانون الماليزى/ |c اعداد أحمد بن محمد حسنى |
| 260 | |a Gombak, Selangor : |b al-Jami'ah al-Islamiyah al-'Alamiyah bi-Maliziya, |c 2004. | ||
| 300 | |a 101 leaves ; |c 30 cm. | ||
| 336 | |2 rdacontent | ||
| 337 | |2 rdamedia | ||
| 338 | |2 rdacarrier | ||
| 500 | |a Abstracts in English and Arabic | ||
| 502 | |a " ... for the degree of Master of Islamic Revealed Knowledge and Heritage (Fiqh and Usul al-Fiqh) "--Approval page | ||
| 502 | |a Thesis (MAIRKH)0-- International Islamic University Malaysia, 2004 | ||
| 530 | |a Also available on 3 1/2 in computer disk | ||
| 650 | 0 | |a Compensation (Law) |z Malaysia |9 35114 | |
| 650 | 0 | |a Compensation (Islamic law) |9 35115 | |
| 650 | 0 | |a Trial practice |z Malaysia |9 35116 | |
| 650 | 0 | |a Indictments (Islamic law) |9 35117 | |
| 650 | 0 | |a Indictments |z Malaysia |9 35118 | |
| 655 | 0 | 7 | |a Theses, IIUM local |
| 690 | 0 | |a Dissertations, Academic |x Department of Fiqh and Usul al-Fiqh) |z IIUM | |
| 700 | 0 | |a Ahmad bin Muhammad Husni |9 35119 | |
| 730 | 0 | |a Ta'wid al-mathum al-matadarrar ba'da thubut bi-ri'ayah fi al-fuqh al-Islami dirasat maqarinah bi al-qanun (Computer file) |9 35120 | |
| 856 | 4 | |u http://studentrepo.iium.edu.my/handle/123456789/8895 | |
| 900 | |a ami-sz | ||
| 942 | |2 lcc |n 0 | ||
| 999 | |c 432131 |d 464156 | ||
| 952 | |0 0 |6 T BP 158.4 H8 A286T 2004 |7 0 |8 THESES |9 753063 |a IIUM |b IIUM |c MULTIMEDIA |g 0.00 |o t BP 158.4 H8 A286T 2004 |p 00000911817 |r 2017-10-17 |t 1 |v 0.00 |y THESIS | ||
| 952 | |0 0 |6 LU T BP 158.4 H8 A286T 2004 |7 0 |8 THESES |9 755599 |a IIUM |b IIUM |c CLOSEACCES |g 0.00 |o lu t BP 158.4 H8 A286T 2004 |p 00000911818 |r 2017-10-24 |t 2 |v 0.00 |y THESIS | ||
| 952 | |0 0 |6 LU T BP 158.4 H8 A286T 2004 |7 0 |8 THESES |9 755600 |a IIUM |b IIUM |c CLOSEACCES |g 0.00 |o lu t BP 158.4 H8 A286T 2004 |p 00011275273 |r 2017-10-24 |t 3 |v 0.00 |y THESIS | ||
| 952 | |0 0 |1 7 |6 TS DK BP158.4H8A286T 2004 |7 18 |8 THESES |9 989354 |a IIUM |b IIUM |c MULTIMEDIA |g 0.00 |o ts dk BP158.4H8A286T 2004 |p 00000911819 |r 1900-01-02 |t 1 |v 0.00 |y THESISDIG | ||
